Statistics for Beach Boys Songs Quiz

Click here to take the quiz!

General Stats

  • This quiz has been taken 152 times
    (122 since last reset)
  • The average score is 101 of 257

Answer Stats

Album Song % Correct
Surfin' SafariSurfin
97%
Surfin' U.S.A.Surfin' U.S.A.
93%
Smiley SmileGood Vibrations
91%
Pet SoundsWouldn't It Be Nice
87%
Little Deuce CoupeLittle Deuce Coupe
86%
Surfer GirlSurfer Girl
84%
Surfin' SafariSurfin' Safari
83%
Wild HoneyWild Honey
83%
Pet SoundsPet Sounds
81%
Pet SoundsSloop John B
80%
Pet SoundsGod Only Knows
78%
Summer Days (And Summer Nights!!)California Girls
77%
The Beach Boys Today!Help Me, Rhonda
77%
FriendsFriends
77%
The Beach Boys' Christmas AlbumLittle Saint Nick
75%
Pet SoundsCaroline, No
74%
Surf's UpSurf's Up
74%
Still Cruisin'Kokomo
71%
Surfer GirlIn My Room
71%
Pet SoundsDon't Talk
70%
Wild HoneyDarlin
70%
All Summer LongAll Summer Long
70%
Surfin' U.S.A.Shut Down
70%
Surfin' Safari409
70%
All Summer LongI Get Around
68%
Smiley SmileHeroes and Villians
68%
Pet SoundsThat's Not Me
67%
Pet SoundsI Know There's an Answer
67%
Pet SoundsHere Today
67%
Shut Down Volume 2Don't Worry Baby
67%
That's Why God Made the RadioThat's Why God Made the Radio
65%
Smiley SmileWind Chimes
65%
The Beach Boys Today!Dance, Dance, Dance
65%
Shut Down Volume 2Fun, Fun, Fun
64%
Pet SoundsLet's Go Away for Awhile
64%
Smiley SmileVegetables
62%
Pet SoundsYou Still Believe in Me
62%
Surf's Up'Til I Die
61%
Pet SoundsI Just Wasn't Made for These Times
59%
Surf's UpDisney Girls (1957)
59%
Surf's UpStudent Demonstration Time
58%
SunflowerForever
57%
SunflowerAll I Wanna Do
57%
20/20Cabinessence
57%
Surf's UpA Day in the Life of a Tree
57%
FriendsDo It Again
55%
Smiley SmileWonderful
55%
Smiley SmileShe's Goin' Bald
54%
Little Deuce CoupeBe True to Your School
54%
SunflowerCool, Cool Water
54%
Pet SoundsI'm Waiting for the Day
54%
The Beach Boys Today!Please Let Me Wonder
52%
Smiley SmileLittle Pad
52%
The Beach Boys Love YouDing Dang
52%
HollandSail On, Sailor
51%
The Beach Boys Love YouAirplane
51%
The Beach Boys Today!When I Grow Up
51%
Smiley SmileFall Breaks and Back to Winter
51%
Surf's UpFeel Flows
51%
Wild HoneyHere Comes the Night
51%
FriendsLittle Bird
51%
All Summer LongWendy
51%
SunflowerAdd Some Music to Your Day
49%
All Summer LongLittle Honda
49%
Smiley SmileWhistle In
49%
The Beach Boys Love YouSolar System
49%
SunflowerThis Whole World
49%
The Beach Boys Love YouJohnny Carson
49%
Shut Down Volume 2The Warmth of the Sun
49%
Surf's UpLong Promised Road
49%
Surf's UpDon't Go Near the Water
48%
The Beach Boys Today!Kiss Me, Baby
48%
The Beach Boys Love YouRoller Skating Child
46%
SunflowerDeirdre
46%
FriendsWake the World
46%
FriendsAnna Lee, the Healer
46%
FriendsTranscendental Meditation
46%
The Beach Boys' Christmas AlbumThe Man with All the Toys
45%
SunflowerTears in the Morning
45%
All Summer LongDon't Back Down
45%
Summer Days (And Summer Nights!!)Amusement Parks U.S.A.
45%
Summer in ParadiseSummer in Paradise
45%
Carl and the Passions – "So Tough"Marcella
43%
FriendsDiamond Head
43%
The Beach Boys Love YouI'll Bet He's Nice
43%
The Beach Boys Today!In the Back of My Mind
43%
The Beach Boys Love YouMona
43%
The Beach Boys Love YouLet Us Go On This Way
43%
HollandThe Trader
43%
FriendsMeant for You
43%
Smiley SmileGettin' Hungry
43%
FriendsBusy Doin' Nothin'
43%
Keepin' the Summer AliveKeepin' the Summer Alive
43%
Surf's UpTake a Load Off Your Feet
43%
Still Cruisin'Still Cruisin'
42%
20/20Never Learn Not to Love
42%
20/20Our Prayer
42%
Carl and the Passions – "So Tough"Cuddle Up
42%
20/20All I Want to Do
41%
Carl and the Passions – "So Tough"All This Is That
41%
Surfin' U.S.A.Farmer's Daughter
41%
The Beach Boys Today!Don't Hurt My Little Sister
41%
HollandSteamboat
41%
Summer Days (And Summer Nights!!)The Girl from New York City
39%
The Beach Boys Love YouLove Is a Woman
39%
The Beach Boys Love YouHonkin' Down the Highway
39%
Summer Days (And Summer Nights!!)You're So Good to Me
39%
The Beach BoysGetcha Back
39%
All Summer LongCarl's Big Chance
39%
Surfin' SafariTen Little Indians
39%
Summer Days (And Summer Nights!!)Salt Lake City
39%
15 Big OnesIt's O.K.
38%
Surf's UpLookin' at Tomorrow
38%
Surfer GirlHawaii
38%
SunflowerGot to Know the Woman
38%
FriendsBe Here in the Mornin
38%
HollandFunky Pretty
38%
Shut Down Volume 2Denny's Drums
38%
Wild HoneyHow She Boogalooed It
38%
HollandCalifornia Saga: California
38%
The Beach Boys Today!She Knows Me Too Well
38%
Wild HoneyAren't You Glad
38%
HollandCalifornia Saga: Big Sur
38%
Wild HoneyCountry Air
36%
The Beach Boys Love YouI Wanna Pick You Up
36%
M.I.U. AlbumHey Little Tomboy
36%
SunflowerAt My Window
36%
Surfin' SafariCuckoo Clock
36%
Surfin' SafariCounty Fair
36%
The Beach Boys Today!Good to My Baby
36%
L.A.Good Timin
36%
FriendsBe Still
36%
Summer Days (And Summer Nights!!)Let Him Run Wild
36%
Surfin' U.S.A.Lonely Sea
36%
Wild HoneyLet the Wind Blow
36%
FriendsPassing By
36%
The Beach Boys Love YouThe Night Was So Young
35%
Carl and the Passions – "So Tough"You Need a Mess of Help to Stand Alone
35%
Surfer GirlCatch a Wave
35%
Smiley SmileWith Me Tonight
35%
SunflowerSlip On Through
35%
All Summer LongGirls on the Beach
35%
M.I.U. AlbumShe's Got Rhythm
35%
Wild HoneyI'd Love Just Once to See You
35%
HollandCalifornia Saga: The Beaks of Eagles
33%
Little Deuce CoupeOur Car Club
33%
15 Big OnesHad to Phone Ya
33%
15 Big OnesT M Song
33%
FriendsWhen a Man Needs a Woman
33%
Surfer GirlThe Surfer Moon
32%
SunflowerIt's About Time
32%
All Summer LongDrive-In
32%
Surfin' U.S.A.Stoked
32%
20/20I Went to Sleep
32%
SunflowerOur Sweet Love
32%
20/20Time to Get Alone
32%
Keepin' the Summer AliveGoin' On
30%
The Beach Boys Love YouGood Time
30%
Surfer GirlSurfers Rule
30%
Little Deuce CoupeCherry, Cherry Coupe
30%
Still Cruisin'Somewhere Near Japan
30%
The Beach Boys Love YouLet's Put Our Hearts Together
30%
Shut Down Volume 2In the Parkin' Lot
30%
Surfin' SafariChug-A-Lug
30%
Summer Days (And Summer Nights!!)Summer Means New Love
29%
That's Why God Made the RadioPacific Coast Highway
29%
Summer Days (And Summer Nights!!)Girl Don't Tell Me
29%
Little Deuce CoupeSpirit of America
29%
That's Why God Made the RadioIsn't It Time
29%
The Beach Boys' Christmas AlbumSanta's Beard
29%
M.I.U. AlbumMy Diane
29%
Surfin' SafariHeads You Win-Tails I Lose
29%
15 Big OnesThat Same Song
28%
That's Why God Made the RadioSummer's Gone
28%
Carl and the Passions – "So Tough"Here She Comes
28%
HollandOnly with You
28%
Little Deuce CoupeCar Crazy Cutie
26%
The Beach Boys' Christmas AlbumChristmas Day
26%
20/20The Nearest Faraway Place
26%
Summer Days (And Summer Nights!!)And Your Dreams Come True
26%
HollandLeaving This Town
26%
Shut Down Volume 2Pom, Pom Play Girl
26%
Keepin' the Summer AliveEndless Harmony
26%
Surfer GirlYour Summer Dream
26%
All Summer LongWe'll Run Away
26%
Summer Days (And Summer Nights!!)I'm Bugged at My Ol' Man
26%
Little Deuce CoupeBallad of Ole' Betsy
26%
The Beach Boys Today!The Little Girl I Once Knew
26%
Wild HoneyA Thing or Two
26%
Summer in ParadiseSummer of Love
26%
M.I.U. AlbumWinds of Change
25%
All Summer LongDo You Remember?
25%
M.I.U. AlbumPitter Patter
25%
Carl and the Passions – "So Tough"Hold On Dear Brother
25%
Carl and the Passions – "So Tough"He Come Down
25%
The Beach Boys' Christmas AlbumMerry Christmas, Baby
25%
L.A.Baby Blue
25%
Little Deuce CoupeNo-Go Showboat
25%
Little Deuce CoupeCustom Machine
25%
Still Cruisin'Make It Big
25%
Surfin' SafariThe Shift
25%
Surfin' U.S.A.Lana
23%
Surfer GirlBoogie Woodie
23%
L.A.Sumahama
23%
L.A.Lady Lynda
23%
Still Cruisin'In My Car
22%
Keepin' the Summer AliveLivin' with a Heartache
22%
L.A.Goin' South
22%
Keepin' the Summer AliveSanta Ana Winds
22%
Keepin' the Summer AliveOh Darlin
22%
Shut Down Volume 2Keep an Eye on Summer
22%
M.I.U. AlbumKona Coast
22%
Surfin' U.S.A.Noble Surfer
22%
15 Big OnesBack Home
22%
15 Big OnesEveryone's in Love with You
22%
Shut Down Volume 2This Car of Mine
22%
Carl and the Passions – "So Tough"Make It Good
22%
M.I.U. AlbumBelles of Paris
22%
L.A.Love Surrounds Me
20%
Surfin' U.S.A.Surf Jam
20%
Still Cruisin'Island Girl (I'm Gonna Make Her Mine)
20%
The Beach BoysI'm So Lonely
20%
The Beach BoysCalifornia Calling
20%
The Beach BoysShe Believes in Love Again
20%
The Beach BoysIt's Gettin' Late
20%
L.A.Full Sail
20%
L.A.Angel Come Home
20%
That's Why God Made the RadioThe Private Life of Bill and Sue
19%
Summer in ParadiseLahaina Aloha
19%
Wild HoneyYou're Welcome
19%
Surfin' U.S.A.Finders Keepers
19%
That's Why God Made the RadioDaybreak Over the Ocean
19%
That's Why God Made the RadioShelter
19%
Shut Down Volume 2Shut Down, Part II
19%
Keepin' the Summer AliveSunshine
19%
M.I.U. AlbumMatch Point of Our Love
19%
The Beach BoysCrack at Your Love
19%
Keepin' the Summer AliveSome of Your Love
19%
Surfer GirlThe Rocking Surfer
19%
That's Why God Made the RadioThink About the Days
17%
Wild HoneyCan't Wait Too Long
17%
That's Why God Made the RadioFrom There to Back Again
17%
Summer in ParadiseStill Surfin'
17%
M.I.U. AlbumSweet Sunday Kinda Love
17%
Summer in ParadiseStrange Things Happen
17%
M.I.U. AlbumWontcha Come Out Tonight
17%
Keepin' the Summer AliveWhen Girls Get Together
17%
15 Big OnesSusie Cincinnati
16%
That's Why God Made the RadioSpring Vacation
16%
The Beach BoysWhere I Belong
16%
Surfer GirlSouth Bay Surfer
16%
Summer in ParadiseIsland Fever
16%
Summer in ParadiseSlow Summer Dancin' (One Summer Night)
14%
That's Why God Made the RadioBeaches in Mind
14%
That's Why God Made the RadioStrange World
14%
The Beach BoysMaybe I Don't Know
13%
The Beach BoysIt's Just a Matter of Time
13%

Score Distribution

Percentile by Number Answered

Percent of People with Each Score

Your Score History

You have not taken this quiz since the last reset